50 Biggest Cities in Costa Rica on a Map - Statistics

General Stats
  • This quiz has been taken 24 times
  • The average score is 9 of 50
Answers on the Map
Answers color-coded by a green-red scale on the quiz's map according to % correct below.
 
Answer Stats
Province Population Answer % Correct
San José 1,453,000 San José
100%
Cartago 232,300 Cartago
76%
Heredia 367,900 Heredia
71%
Limón 65,300 Limón
71%
Puntarenas 87,500 Puntarenas
59%
Alajuela 196,900 Alajuela
53%
Guanacaste 59,100 Liberia
41%
Heredia 31,900 San Isidro de Heredia
35%
Puntarenas 14,400 Jacó
29%
Alajuela 38,300 Grecia
24%
Guanacaste 17,300 Nicoya
24%
Alajuela 32,300 Quesada de San Carlos
24%
Guanacaste 16,600 Santa Cruz de Guanacaste
24%
Limón 38,800 Guápiles
18%
Alajuela 57,500 San Rafael de Alajuela
18%
Alajuela 40,600 San Ramón de los Palmares
18%
Alajuela 9,300 Atenas
12%
Guanacaste 8,050 Bagaces
12%
Puntarenas 18,700 Buenos Aires de Puntarenas
12%
Puntarenas 7,980 Golfito
12%
Alajuela 15,400 La Fortuna
12%
Alajuela 8,640 Orotina
12%
Alajuela 30,700 Palmares de Alajuela
12%
Puntarenas 10,800 Parrita
12%
San José 66,300 San Isidro de El General
12%
Limón 22,800 Siquirres
12%
Cartago 29,900 Turrialba
12%
Alajuela 10,500 Aguas Zarcas
6%
Guanacaste 22,700 Cañas
6%
Puntarenas 9,550 Canoas
6%
Alajuela 9,290 Carillos
6%
Cartago 9,180 Cot
6%
Puntarenas 28,600 Esparza
6%
Puntarenas 8,030 Miramar
6%
Alajuela 19,900 Naranjo de Alajuela
6%
Puntarenas 16,100 Puerto Quepos
6%
Heredia 12,200 San Miguel de Santo Domingo
6%
San José 8,170 Santiago de Puriscal
6%
Guanacaste 11,200 Sardinal
6%
Limón 11,000 Batán
0%
Limón 26,000 Cariari
0%
Alajuela 11,700 Florencia
0%
Limón 13,800 Guácimo
0%
Puntarenas 12,800 Neily
0%
Alajuela 12,000 Pital
0%
Heredia 10,500 Puerto Viejo de Sarapiquí
0%
Limón 9,670 Rita
0%
Limón 7,900 Roxana
0%
Alajuela 9,140 San Pedro de Poás
0%
Cartago 12,100 Tobosi
0%
No matching quizzes found
Score Distribution
Percent of People with Each Score
Percentile by Number Answered
Your Score History
You have not taken this quiz